<?xml version="1.0" encoding="UTF-8"?>
<record
    xmlns:xsi="http://www.w3.org/2001/XMLSchema-instance"
    xsi:schemaLocation="http://www.loc.gov/MARC21/slim http://www.loc.gov/standards/marcxml/schema/MARC21slim.xsd"
    xmlns="http://www.loc.gov/MARC21/slim">

  <leader>00205nam a22000857a 4500</leader>
  <controlfield tag="001">1241800</controlfield>
  <controlfield tag="005">20251013131134.0</controlfield>
  <datafield tag="245" ind1=" " ind2=" ">
    <subfield code="a">G&#xDC;&#xC7;L&#xDC;KLERDEN KORKMUYORUM</subfield>
    <subfield code="c">NURAY T&#xDC;RKYILMAZ</subfield>
  </datafield>
  <datafield tag="260" ind1=" " ind2=" ">
    <subfield code="b">T&#x130;MA&#x15E; YAYINLARI</subfield>
  </datafield>
  <datafield tag="999" ind1=" " ind2=" ">
    <subfield code="c">1241800</subfield>
    <subfield code="d">1241800</subfield>
  </datafield>
  <datafield tag="952" ind1=" " ind2=" ">
    <subfield code="0">0</subfield>
    <subfield code="1">0</subfield>
    <subfield code="2">ddc</subfield>
    <subfield code="4">0</subfield>
    <subfield code="7">0</subfield>
    <subfield code="a">1052</subfield>
    <subfield code="b">1052</subfield>
    <subfield code="d">2025-10-13</subfield>
    <subfield code="l">1</subfield>
    <subfield code="p">10529425</subfield>
    <subfield code="r">2025-11-06 09:13:19</subfield>
    <subfield code="s">2025-11-05</subfield>
    <subfield code="w">2025-10-13</subfield>
    <subfield code="y">BK</subfield>
  </datafield>
</record>
